[Event "CMA Futurity"]
[Site "Montreal CAN"]
[Date "2002.01.24"]
[Round "2"]
[White "Gaspariants, Garry"]
[Black "Voskanyan, Vahagn"]
[Result "1-0"]
[WhiteElo "2230"]
[BlackElo "2315"]
[PlyCount "87"]
[EventDate "2002.01.23"]
[EventType "tourn"]
[EventRounds "9"]
[EventCountry "CAN"]
[EventCategory "3"]
[Source "Mark Crowther"]
[SourceDate "2002.02.11"]

1. Nf3 d5 2. e3 Nf6 3. b3 Bg4 4. h3 Bh5 5. Ba3 Nbd7 6. c4 c6 7. cxd5 cxd5 8.
Be2 Rc8 9. O-O Qa5 10. d3 Bxf3 11. Bxf3 g6 12. Qd2 Qxd2 13. Nxd2 Ne5 14. Rac1
Nc6 15. Bb2 Rd8 16. a3 Bh6 17. Bxf6 exf6 18. Rc2 O-O 19. d4 f5 20. g3 Rfe8 21.
Rfc1 a5 22. Rc5 Nxd4 23. exd4 Bxd2 24. R1c2 b6 25. Rxd5 Bg5 26. Rc7 Bf6 27.
Rdd7 Rxd7 28. Rxd7 Kf8 29. Kf1 Rc8 30. Bd5 Be7 31. Bc4 a4 32. d5 axb3 33. Bxb3
Rc3 34. d6 Rxb3 35. Rxe7 Rd3 36. Rd7 Ke8 37. Re7+ Kf8 38. Rd7 Rxa3 39. Rd8+ Kg7
40. d7 Ra2 41. Ke1 Ra1+ 42. Kd2 Ra2+ 43. Kc3 Ra1 44. Re8 1-0

[Event "CMA Futurity"]
[Site "Montreal CAN"]
[Date "2002.01.24"]
[Round "2"]
[White "Schleifer, Michael"]
[Black "Bluvshtein, Mark"]
[Result "1-0"]
[WhiteElo "2389"]
[BlackElo "2354"]
[PlyCount "40"]
[EventDate "2002.01.23"]
[EventType "tourn"]
[EventRounds "9"]
[EventCountry "CAN"]
[EventCategory "3"]
[Source "Mark Crowther"]
[SourceDate "2002.02.11"]

1. c4 e6 2. Nf3 c5 3. e3 Nf6 4. Be2 Be7 5. O-O O-O 6. b3 b6 7. Bb2 Bb7 8. d4
cxd4 9. Nxd4 d5 10. Nc3 dxc4 11. Bxc4 Nc6 12. Nxc6 Bxc6 13. Qe2 Qc7 14. Rac1
Rad8 15. Bb5 Bxb5 16. Nxb5 Qb8 17. Nd4 Rc8 18. Qf3 Nd5 19. Nf5 Rxc1 20. Qg4
Rxf1+ 1-0

[Event "CMA Futurity"]
[Site "Montreal CAN"]
[Date "2002.01.25"]
[Round "3"]
[White "Bluvshtein, Mark"]
[Black "Lazarev, Vladimir"]
[Result "1/2-1/2"]
[WhiteElo "2354"]
[BlackElo "2461"]
[PlyCount "82"]
[EventDate "2002.01.23"]
[EventType "tourn"]
[EventRounds "9"]
[EventCountry "CAN"]
[EventCategory "3"]
[Source "Mark Crowther"]
[SourceDate "2002.02.11"]

1. e4 c5 2. Nf3 Nc6 3. c3 Nf6 4. e5 Nd5 5. d4 cxd4 6. cxd4 d6 7. Bc4 Nb6 8. Bb5
dxe5 9. Nxe5 Bd7 10. Bxc6 Bxc6 11. O-O g6 12. Re1 Bg7 13. Nxc6 bxc6 14. Bg5 O-O
15. Bxe7 Qxd4 16. Nc3 Qxd1 17. Raxd1 Rfe8 18. Bg5 f5 19. g3 Nc4 20. Bc1 Rxe1+
21. Rxe1 Kf7 22. Kg2 Rb8 23. Re2 Bxc3 24. bxc3 Rb5 25. Bg5 Re5 26. Rxe5 Nxe5
27. Be3 a6 28. Bd4 Nc4 29. Kf3 Ke6 30. Kf4 Nd6 31. Ke3 Kd5 32. Kd3 Nc4 33. f3
Nb2+ 34. Kc2 Nc4 35. Kd3 Nd6 36. Be3 Nc4 37. Bd4 c5 38. Bg7 Nd6 39. Bf6 Nc4 40.
Bg7 Nb2+ 41. Kc2 Nc4 1/2-1/2

[Event "CMA Futurity"]
[Site "Montreal CAN"]
[Date "2002.01.25"]
[Round "3"]
[White "Voskanyan, Vahagn"]
[Black "Schwartz, Ylan"]
[Result "0-1"]
[WhiteElo "2315"]
[BlackElo "2317"]
[PlyCount "50"]
[EventDate "2002.01.23"]
[EventType "tourn"]
[EventRounds "9"]
[EventCountry "CAN"]
[EventCategory "3"]
[Source "Mark Crowther"]
[SourceDate "2002.02.11"]

1. Nf3 g6 2. d4 Nf6 3. c4 c5 4. Nc3 Bg7 5. g3 O-O 6. Bg2 d5 7. dxc5 Qa5 8. cxd5
Nxd5 9. Qxd5 Bxc3+ 10. bxc3 Qxc3+ 11. Qd2 Qxa1 12. O-O Qg7 13. Bb2 f6 14. Nd4
e5 15. Bd5+ Kh8 16. Nb5 Bh3 17. Rd1 Nc6 18. Nd6 Rad8 19. Bc3 Qd7 20. f4 b6 21.
Qb2 bxc5 22. fxe5 Nxe5 23. Nc4 Qf5 24. e4 Rxd5 25. Rxd5 Qf1# 0-1

[Event "CMA Futurity"]
[Site "Montreal CAN"]
[Date "2002.01.26"]
[Round "4"]
[White "Divljan, Igor"]
[Black "Bluvshtein, Mark"]
[Result "0-1"]
[WhiteElo "2258"]
[BlackElo "2354"]
[PlyCount "98"]
[EventDate "2002.01.23"]
[EventType "tourn"]
[EventRounds "9"]
[EventCountry "CAN"]
[EventCategory "3"]
[Source "Mark Crowther"]
[SourceDate "2002.02.11"]

1. d4 e6 2. c4 Nf6 3. Nc3 Bb4 4. e3 c5 5. Nge2 cxd4 6. exd4 d5 7. a3 Bxc3+ 8.
Nxc3 dxc4 9. Bxc4 Nc6 10. Be3 O-O 11. O-O b6 12. Qf3 Bb7 13. Bd3 Qd7 14. Qh3
Ne7 15. Bg5 Ng6 16. Rad1 Nd5 17. Rfe1 Rac8 18. Nxd5 Qxd5 19. Be7 Rfe8 20. Be4
Qd7 21. Bxg6 hxg6 22. Bb4 f6 23. Re3 Kf7 24. Qg4 Rh8 25. Rde1 Rce8 26. h4 a5
27. Bd2 Qd5 28. Rg3 Qf5 29. Qxf5 gxf5 30. Rc1 Re7 31. Rb3 Rxh4 32. Rxb6 Rg4 33.
g3 Rxd4 34. Bxa5 Red7 35. Re1 e5 36. Rb3 f4 37. Rc3 fxg3 38. Rxg3 Rh4 39. f3 g5
40. Rc1 Kg6 41. Rc7 Rd1+ 42. Kf2 Ba6 43. Rg1 Rd3 44. Rg4 Rh1 45. Bc3 Rf1+ 46.
Kg2 Rdxf3 47. Ra4 Bd3 48. Raa7 R1f2+ 49. Kg1 Rc2 0-1

[Event "CMA Futurity"]
[Site "Montreal CAN"]
[Date "2002.01.26"]
[Round "4"]
[White "Schwartz, Ylan"]
[Black "Schleifer, Michael"]
[Result "0-1"]
[WhiteElo "2317"]
[BlackElo "2389"]
[PlyCount "74"]
[EventDate "2002.01.23"]
[EventType "tourn"]
[EventRounds "9"]
[EventCountry "CAN"]
[EventCategory "3"]
[Source "Mark Crowther"]
[SourceDate "2002.02.11"]

1. d4 Nf6 2. Nf3 d5 3. c4 dxc4 4. e3 e6 5. Bxc4 a6 6. O-O b5 7. Be2 Bb7 8. a4
b4 9. Nbd2 Nbd7 10. Nb3 c5 11. Bd2 cxd4 12. Nfxd4 Bd6 13. Bf3 Ne4 14. Be1 Ne5
15. Nd2 Nxf3+ 16. N4xf3 Nxd2 17. Bxd2 O-O 18. h3 Qf6 19. Bc1 Rfd8 20. Qe2 Be4
21. Nd4 e5 22. Qg4 Bg6 23. Nf3 Bf5 24. Qh4 Qe6 25. e4 Bg6 26. Re1 Rdc8 27. Nd2
Rc2 28. b3 Bc5 29. Rf1 Qc6 30. Nc4 Bd4 31. Be3 Bxa1 32. Rxa1 Qxe4 33. Qe7 Rxc4
34. bxc4 b3 35. Rd1 h6 36. Qb4 Qc2 37. Rc1 Qa2 0-1

[Event "CMA Futurity"]
[Site "Montreal CAN"]
[Date "2002.01.27"]
[Round "5"]
[White "Schleifer, Michael"]
[Black "Lazarev, Vladimir"]
[Result "0-1"]
[WhiteElo "2389"]
[BlackElo "2461"]
[PlyCount "114"]
[EventDate "2002.01.23"]
[EventType "tourn"]
[EventRounds "9"]
[EventCountry "CAN"]
[EventCategory "3"]
[Source "Mark Crowther"]
[SourceDate "2002.02.11"]

1. e4 c5 2. Nf3 Nc6 3. c4 e5 4. g3 d6 5. h3 g6 6. Bg2 Bg7 7. O-O Nge7 8. d3 O-O
9. Nc3 f5 10. exf5 Bxf5 11. Bg5 Qd7 12. Bxe7 Qxe7 13. a3 Kh8 14. Kh2 Qd7 15.
Rb1 Rae8 16. b4 b6 17. Ng5 Nd4 18. Nge4 Be6 19. bxc5 dxc5 20. a4 Nc6 21. Ng5
Bg8 22. Nd5 Rd8 23. Be4 Bh6 24. h4 Bxg5 25. hxg5 Bxd5 26. cxd5 Ne7 27. a5 Nxd5
28. axb6 axb6 29. Rb3 Nb4 30. Qa1 Qe6 31. Qb2 Rd4 32. f3 Rfd8 33. Re1 Qe7 34.
f4 exf4 35. gxf4 Qd6 36. Rf1 Kg8 37. Rf3 Qe7 38. Re3 Qg7 39. Qe2 Qc7 40. Qg4
Rf8 41. Rf3 Qe7 42. Rb2 Qd6 43. Kg2 Nd5 44. Bxd5+ Qxd5 45. Kg3 Rb8 46. Kh2 b5
47. Re2 Rf8 48. Re7 Qd6 49. Re6 Rdxf4 50. Rxd6 Rxg4 51. Rxf8+ Kxf8 52. Rd5 c4
53. dxc4 bxc4 54. Kh3 Rf4 55. Rd8+ Ke7 56. Rh8 Kd6 57. Rxh7 c3 0-1

[Event "CMA Futurity"]
[Site "Montreal CAN"]
[Date "2002.01.29"]
[Round "6"]
[White "Schwartz, Ylan"]
[Black "Lazarev, Vladimir"]
[Result "0-1"]
[WhiteElo "2317"]
[BlackElo "2461"]
[PlyCount "104"]
[EventDate "2002.01.23"]
[EventType "tourn"]
[EventRounds "9"]
[EventCountry "CAN"]
[EventCategory "3"]
[Source "Mark Crowther"]
[SourceDate "2002.02.11"]

1. e4 c5 2. Nf3 Nc6 3. d4 cxd4 4. Nxd4 Qc7 5. Nc3 e6 6. g3 a6 7. Bg2 d6 8. O-O
Bd7 9. Nxc6 Bxc6 10. Re1 Be7 11. a4 Nf6 12. a5 O-O 13. Be3 Rae8 14. Qe2 Nd7 15.
f4 Bf6 16. Qc4 Rc8 17. Red1 Rfe8 18. Bf2 Qb8 19. Qd3 Bxc3 20. bxc3 Nf6 21. Qxd6
Nxe4 22. Qxb8 Rxb8 23. Bxe4 Bxe4 24. Bb6 Rbc8 25. Ra3 Bxc2 26. Rd7 Be4 27. Kf2
Bc6 28. Rd3 Bb5 29. Re3 f6 30. Ra2 e5 31. Rc2 Kf7 32. fxe5 Rxe5 33. Rxe5 fxe5
34. Ke3 Ke6 35. Rc1 g5 36. Rc2 g4 37. Ba7 Rc4 38. Bb6 Ra4 39. Rb2 Ra1 40. Rd2
Re1+ 41. Kf2 Rc1 42. Rd8 Rxc3 43. Rd2 Rf3+ 44. Kg1 h5 45. Bc7 Rc3 46. Bb6 e4
47. Rd1 e3 48. Re1 e2 49. Bd4 Ra3 50. Bb6 Kd5 51. Rc1 Ke4 52. Rb1 Kf3 0-1

[Event "CMA Futurity"]
[Site "Montreal CAN"]
[Date "2002.01.29"]
[Round "6"]
[White "Voskanyan, Vahagn"]
[Black "Bluvshtein, Mark"]
[Result "1/2-1/2"]
[WhiteElo "2315"]
[BlackElo "2354"]
[PlyCount "63"]
[EventDate "2002.01.23"]
[EventType "tourn"]
[EventRounds "9"]
[EventCountry "CAN"]
[EventCategory "3"]
[Source "Mark Crowther"]
[SourceDate "2002.02.11"]

1. c4 Nf6 2. g3 c6 3. Bg2 d5 4. cxd5 cxd5 5. d4 Nc6 6. Nc3 Bf5 7. Nf3 e6 8. O-O
Be7 9. Bf4 O-O 10. Rc1 Rc8 11. Ne5 Nxe5 12. Bxe5 a6 13. Bxf6 Bxf6 14. Qd2 b5
15. e3 Be7 16. a3 b4 17. axb4 Bxb4 18. Qe2 Qb6 19. Rfd1 Bxc3 20. bxc3 a5 21. e4
dxe4 22. Bxe4 Bxe4 23. Qxe4 Qb3 24. Qc2 Qxc2 25. Rxc2 Rc4 26. Ra1 a4 27. Kf1
Rd8 28. Raa2 Rdc8 29. Ke2 Rxc3 30. Rxc3 Rxc3 31. Rxa4 g6 32. Ra5 1/2-1/2

[Event "CMA Futurity"]
[Site "Montreal CAN"]
[Date "2002.01.30"]
[Round "7"]
[White "Lazarev, Vladimir"]
[Black "Divljan, Igor"]
[Result "0-1"]
[WhiteElo "2461"]
[BlackElo "2258"]
[PlyCount "76"]
[EventDate "2002.01.23"]
[EventType "tourn"]
[EventRounds "9"]
[EventCountry "CAN"]
[EventCategory "3"]
[Source "Mark Crowther"]
[SourceDate "2002.02.11"]

1. d4 Nf6 2. c4 e6 3. Nc3 Bb4 4. Qc2 c5 5. dxc5 O-O 6. a3 Bxc5 7. Nf3 b6 8. Bg5
Bb7 9. e4 h6 10. Bh4 Be7 11. Rd1 Nh5 12. Bxe7 Qxe7 13. Be2 Nf4 14. O-O f5 15.
Rfe1 Na6 16. Bf1 Nc5 17. Nd2 Qg5 18. g3 Qg6 19. f3 fxe4 20. fxe4 d5 21. b4 Nd7
22. Nf3 Qg4 23. Re3 Nf6 24. exd5 exd5 25. Ne5 Qg5 26. Qd2 Ne4 27. Nxe4 dxe4 28.
Nd7 Rad8 29. Kh1 Ng6 30. Bh3 Ne5 31. Qe2 Nxd7 32. Rxd7 Rxd7 33. Bxd7 Rf3 34.
Rxf3 exf3 35. Qe6+ Kh8 36. Kg1 Qc1+ 37. Kf2 Qd2+ 38. Kf1 Qg2+ 0-1

[Event "CMA Futurity"]
[Site "Montreal CAN"]
[Date "2002.01.30"]
[Round "7"]
[White "Schleifer, Michael"]
[Black "Gaspariants, Garry"]
[Result "0-1"]
[WhiteElo "2389"]
[BlackElo "2230"]
[PlyCount "58"]
[EventDate "2002.01.23"]
[EventType "tourn"]
[EventRounds "9"]
[EventCountry "CAN"]
[EventCategory "3"]
[Source "Mark Crowther"]
[SourceDate "2002.02.11"]

1. d4 Nf6 2. c4 e6 3. a3 d5 4. Nc3 Be7 5. Nf3 O-O 6. Bg5 b6 7. e3 c5 8. Bxf6
Bxf6 9. cxd5 exd5 10. Qd2 Be6 11. Bb5 a6 12. Ba4 Qc7 13. O-O Rd8 14. Rac1 Nd7
15. Ne2 Rac8 16. Nf4 Nf8 17. dxc5 bxc5 18. Nd3 c4 19. b4 d4 20. Nc5 d3 21. Nxa6
Qa7 22. b5 c3 23. Qd1 c2 24. Qe1 Bc3 25. Nd2 Qb6 26. Nb4 Qa5 27. Bxc2 dxc2 28.
Rxc2 Qxb5 29. f3 Bb3 0-1

[Event "CMA Futurity"]
[Site "Montreal CAN"]
[Date "2002.01.31"]
[Round "8"]
[White "Gaspariants, Garry"]
[Black "Lazarev, Vladimir"]
[Result "0-1"]
[WhiteElo "2230"]
[BlackElo "2461"]
[PlyCount "98"]
[EventDate "2002.01.23"]
[EventType "tourn"]
[EventRounds "9"]
[EventCountry "CAN"]
[EventCategory "3"]
[Source "Mark Crowther"]
[SourceDate "2002.02.11"]

1. d4 Nf6 2. Nf3 c5 3. d5 b5 4. Bg5 Ne4 5. Bh4 Bb7 6. Qd3 f5 7. Nbd2 c4 8. Qd4
Na6 9. c3 Qb6 10. Nxe4 fxe4 11. Qxe4 Nc7 12. Qd4 Nxd5 13. e4 Qxd4 14. Nxd4 Nc7
15. Bg3 d6 16. e5 g6 17. a4 a6 18. axb5 axb5 19. Rxa8+ Bxa8 20. Rg1 Kd7 21. Be2
h5 22. Bf3 Bg7 23. exd6 exd6 24. Kd2 Bxd4 25. cxd4 Bxf3 26. gxf3 Rf8 27. Ke2
Ne6 28. Rd1 Ra8 29. d5 Nc5 30. Bh4 Ra2 31. Bf6 Nd3 32. Rd2 Ra8 33. Rd1 Rf8 34.
Bg7 Rf5 35. Ra1 Rxd5 36. Ra7+ Kc6 37. h4 Rf5 38. Ra6+ Kc5 39. Ra8 Rf7 40. Rc8+
Kb4 41. Bh8 Kb3 42. Rg8 Re7+ 43. Kd2 Re6 44. Rb8 b4 45. Bc3 d5 46. Bd4 Ra6 47.
Bc3 Ra4 48. Rb6 Nxb2 49. Bg7 c3+ 0-1

[Event "CMA Futurity"]
[Site "Montreal CAN"]
[Date "2002.01.31"]
[Round "8"]
[White "Schwartz, Ylan"]
[Black "Divljan, Igor"]
[Result "1/2-1/2"]
[WhiteElo "2317"]
[BlackElo "2258"]
[PlyCount "31"]
[EventDate "2002.01.23"]
[EventType "tourn"]
[EventRounds "9"]
[EventCountry "CAN"]
[EventCategory "3"]
[Source "Mark Crowther"]
[SourceDate "2002.02.11"]

1. d4 Nf6 2. c4 e6 3. Nf3 b6 4. a3 Ba6 5. Qc2 Bb7 6. Nbd2 c5 7. e4 cxd4 8. e5
Ng8 9. Bd3 Ne7 10. b4 Ng6 11. O-O d6 12. Be4 Bxe4 13. Qxe4 Nd7 14. exd6 Bxd6
15. Nxd4 O-O 16. N2f3 1/2-1/2

[Event "CMA Futurity"]
[Site "Montreal CAN"]
[Date "2002.01.31"]
[Round "8"]
[White "Voskanyan, Vahagn"]
[Black "Schleifer, Michael"]
[Result "1-0"]
[WhiteElo "2315"]
[BlackElo "2389"]
[PlyCount "71"]
[EventDate "2002.01.23"]
[EventType "tourn"]
[EventRounds "9"]
[EventCountry "CAN"]
[EventCategory "3"]
[Source "Mark Crowther"]
[SourceDate "2002.02.11"]

1. Nf3 Nf6 2. c4 g6 3. Nc3 d5 4. cxd5 Nxd5 5. Qb3 Nb6 6. d4 Bg7 7. Bg5 O-O 8.
Rd1 c6 9. e3 Be6 10. Qc2 Nd5 11. Be2 f6 12. Bh4 Nb4 13. Qb1 Qa5 14. a3 Nd5 15.
Rc1 Nd7 16. O-O Rac8 17. Nd2 Bf7 18. Nc4 Qd8 19. b4 b5 20. Na5 Qb6 21. Ne4 e5
22. Nd6 Rc7 23. Nxf7 Rxf7 24. Rfd1 exd4 25. exd4 Bh6 26. Rc2 Nf8 27. Bg3 Rc8
28. Bf3 Rd7 29. Qb3 Ne6 30. Bxd5 Rxd5 31. Rxc6 Rxc6 32. Qxd5 Rc8 33. Re1 Kh8
34. Qd7 Rc1 35. Rxc1 Bxc1 36. Qc8+ 1-0

[Event "CMA Futurity"]
[Site "Montreal CAN"]
[Date "2002.02.01"]
[Round "9"]
[White "Bluvshtein, Mark"]
[Black "Schwartz, Ylan"]
[Result "1/2-1/2"]
[WhiteElo "2354"]
[BlackElo "2317"]
[PlyCount "24"]
[EventDate "2002.01.23"]
[EventType "tourn"]
[EventRounds "9"]
[EventCountry "CAN"]
[EventCategory "3"]
[Source "Mark Crowther"]
[SourceDate "2002.02.11"]

1. d4 d5 2. c4 c6 3. cxd5 cxd5 4. Nf3 Nf6 5. Nc3 Nc6 6. Bf4 a6 7. e3 Bg4 8. Be2
Bxf3 9. Bxf3 e6 10. O-O Bd6 11. Bxd6 Qxd6 12. Na4 O-O 1/2-1/2

[Event "CMA Futurity"]
[Site "Montreal CAN"]
[Date "2002.02.01"]
[Round "9"]
[White "Divljan, Igor"]
[Black "Gaspariants, Garry"]
[Result "1/2-1/2"]
[WhiteElo "2258"]
[BlackElo "2230"]
[PlyCount "104"]
[EventDate "2002.01.23"]
[EventType "tourn"]
[EventRounds "9"]
[EventCountry "CAN"]
[EventCategory "3"]
[Source "Mark Crowther"]
[SourceDate "2002.02.11"]

1. d4 Nf6 2. c4 e6 3. Nc3 Bb4 4. e3 O-O 5. Bd3 c5 6. Nf3 Nc6 7. O-O d5 8. a3
Bxc3 9. bxc3 dxc4 10. Bxc4 Qc7 11. Be2 Rd8 12. Qc2 e5 13. Bb2 Bg4 14. dxe5 Nxe5
15. c4 Nxf3+ 16. gxf3 Bh3 17. Rfd1 Rxd1+ 18. Rxd1 Rd8 19. Rc1 Qc6 20. Kh1 Bg4
21. e4 Bh5 22. Rg1 Bg6 23. Qc3 b6 24. Rg5 Qd6 25. Rd5 Qf8 26. Rxd8 Qxd8 27. Qd3
Qe7 28. Qc3 h6 29. Qe5 Qd7 30. Bc3 Qa4 31. Qd6 Qxa3 32. Bxf6 gxf6 33. Qxf6 Qc1+
34. Kg2 Qg5+ 35. Qxg5 hxg5 36. Kg3 Bh5 37. h4 f6 38. hxg5 fxg5 39. Bd3 Kf7 40.
f4 Bd1 41. fxg5 a5 42. Kf4 a4 43. Ke5 a3 44. Bb1 Bb3 45. Kd5 b5 46. Kxc5 bxc4
47. Kb4 a2 48. Bxa2 Bxa2 49. f4 Bb1 50. Kxc4 Bxe4 51. Kd4 Bb1 52. Ke5 Kg6
1/2-1/2

[Event "CMA Futurity"]
[Site "Montreal CAN"]
[Date "2002.02.01"]
[Round "9"]
[White "Lazarev, Vladimir"]
[Black "Voskanyan, Vahagn"]
[Result "1-0"]
[WhiteElo "2461"]
[BlackElo "2315"]
[PlyCount "93"]
[EventDate "2002.01.23"]
[EventType "tourn"]
[EventRounds "9"]
[EventCountry "CAN"]
[EventCategory "3"]
[Source "Mark Crowther"]
[SourceDate "2002.02.11"]

1. d4 Nf6 2. c4 e6 3. Nc3 d5 4. cxd5 exd5 5. Bg5 Be7 6. e3 Nbd7 7. Qc2 O-O 8.
Bd3 h6 9. Bh4 c5 10. dxc5 Nxc5 11. Nge2 Be6 12. O-O Rc8 13. Rfd1 Qb6 14. Rab1
Rfd8 15. Bf5 Nce4 16. Bxe4 dxe4 17. Rxd8+ Bxd8 18. Bxf6 Bxf6 19. Qxe4 Rd8 20.
h3 Rd2 21. b3 Qa5 22. Rc1 Qf5 23. Qxf5 Bxf5 24. Ng3 Bg6 25. Nge4 Bxe4 26. Nxe4
Rxa2 27. Rc8+ Kh7 28. Nxf6+ gxf6 29. Rc7 b5 30. Rxf7+ Kg6 31. Rb7 a6 32. g4 h5
33. gxh5+ Kxh5 34. Kg2 Kg5 35. Kg3 Ra1 36. h4+ Kf5 37. h5 Rh1 38. Rb6 Rxh5 39.
Rxa6 Kg6 40. Rb6 Rd5 41. Kf3 Rf5+ 42. Ke2 Kf7 43. f4 Ke7 44. Kd3 Rh5 45. Kd4
Rf5 46. Rc6 Rh5 47. Rc5 1-0

[Event "CMA Futurity qualifier"]
[Site "Toronto CAN"]
[Date "2002.07.26"]
[Round "1"]
[White "Buscar, Michael"]
[Black "Vaingorten, Yaaqov"]
[Result "0-1"]
[WhiteElo "2060"]
[BlackElo "2343"]
[PlyCount "88"]
[EventDate "2002.07.26"]
[EventType "swiss"]
[EventRounds "5"]
[EventCountry "CAN"]

1. d4 d5 2. c4 e6 3. cxd5 exd5 4. Nc3 c6 5. Nf3 Bd6 6. Bg5 f6 7. Bh4 Ne7 8. e3
O-O 9. Bd3 Bf5 10. O-O Nd7 11. Re1 Nb6 12. e4 dxe4 13. Qb3+ Kh8 14. Bxe4 Qd7
15. Rad1 Rad8 16. a4 Be6 17. Qc2 Bg8 18. Bd3 Ned5 19. Bf5 Nb4 20. Qe4 Qc7 21.
Qg4 Rfe8 22. Ne4 N6d5 23. Nxd6 Qxd6 24. Ne5 fxe5 25. dxe5 Qc7 26. Bxd8 Qxd8 27.
Re4 Qe7 28. Qh5 Rf8 29. g4 g6 30. Bxg6 Nf4 31. Rxf4 Rxf4 32. Rd6 Nd5 33. h3 Rf8
34. Be4 Qg7 35. f3 Nf4 36. Qh6 Qxh6 37. Rxh6 Re8 38. a5 a6 39. Bxc6 bxc6 40.
Rxc6 Rxe5 41. Rxa6 Re2 42. b4 Rg2+ 43. Kh1 Rb2 44. Rb6 Bd5 0-1

[Event "CMA Futurity qualifier"]
[Site "Toronto CAN"]
[Date "2002.07.26"]
[Round "1"]
[White "Divljan, Igor"]
[Black "Lucki, Arnie"]
[Result "1-0"]
[WhiteElo "2260"]
[BlackElo "1873"]
[PlyCount "75"]
[EventDate "2002.07.26"]
[EventType "swiss"]
[EventRounds "5"]
[EventCountry "CAN"]

1. d4 Nf6 2. c4 c5 3. d5 b5 4. cxb5 a6 5. b6 d6 6. Nc3 g6 7. a4 Qxb6 8. a5 Qc7
9. e4 Bg7 10. Bc4 O-O 11. f4 e6 12. Nge2 exd5 13. Bxd5 Nc6 14. O-O Rb8 15. f5
Nxa5 16. Qa4 Nb7 17. Qxa6 c4 18. Be3 Nc5 19. Qxc4 Rxb2 20. fxg6 hxg6 21. Bd4
Ng4 22. Bxg7 Kxg7 23. Nb5 Rxb5 24. Qxb5 Ba6 25. Qb2+ Kg8 26. h3 Ne5 27. Qd2 Kg7
28. Rf4 Qe7 29. Ra3 Bxe2 30. Qxe2 Qg5 31. Rf1 Qe7 32. Qa2 Rd8 33. Ra7 Rd7 34.
Ra8 Qg5 35. Qb2 Nxe4 36. Bxe4 Qe3+ 37. Qf2 Qxe4 38. Qf6+ 1-0

[Event "CMA Futurity qualifier"]
[Site "Toronto CAN"]
[Date "2002.07.26"]
[Round "1"]
[White "Findlay, Ian"]
[Black "Noritsyn, Nikolay"]
[Result "1-0"]
[WhiteElo "2382"]
[BlackElo "2065"]
[PlyCount "71"]
[EventDate "2002.07.26"]
[EventType "swiss"]
[EventRounds "5"]
[EventCountry "CAN"]

1. e4 e5 2. Nf3 Nc6 3. Bb5 a6 4. Ba4 Nf6 5. O-O Nxe4 6. d4 b5 7. Bb3 d5 8. dxe5
Be6 9. Nbd2 Nxd2 10. Qxd2 Be7 11. Rd1 O-O 12. Bxd5 Bxd5 13. Qxd5 Qxd5 14. Rxd5
Nb4 15. Rd2 Rad8 16. Kf1 f6 17. a3 Nc6 18. exf6 Bxf6 19. c3 Na5 20. Rxd8 Rxd8
21. Ke2 Nc4 22. a4 c5 23. axb5 axb5 24. Ra7 Nd6 25. Rc7 c4 26. Be3 Kf8 27. Nd4
Re8 28. Kf3 Re7 29. Bf4 Nb7 30. Nxb5 Rxc7 31. Bxc7 Ke7 32. Na3 Kd7 33. Bf4 Na5
34. Ke4 Kc6 35. Be5 Bg5 36. f4 1-0

[Event "CMA Futurity qualifier"]
[Site "Toronto CAN"]
[Date "2002.07.26"]
[Round "1"]
[White "Manalo, Pepin"]
[Black "Radulovic, Dusko"]
[Result "0-1"]
[WhiteElo "1895"]
[BlackElo "2300"]
[PlyCount "102"]
[EventDate "2002.07.26"]
[EventType "swiss"]
[EventRounds "5"]
[EventCountry "CAN"]

1. d4 e6 2. e4 d5 3. Nd2 c5 4. c3 cxd4 5. cxd4 Nc6 6. Bb5 Qb6 7. Bxc6+ bxc6 8.
Ne2 Ba6 9. Qb3 Bb4 10. Qe3 dxe4 11. O-O Bxd2 12. Qxd2 Nf6 13. b3 Qb5 14. Re1
O-O 15. Ba3 Rfe8 16. Rac1 Rad8 17. Bc5 Qb8 18. Rc3 Bxe2 19. Qxe2 Rd7 20. Rec1
Qf4 21. h3 Nd5 22. R3c2 e3 23. fxe3 Qxe3+ 24. Qxe3 Nxe3 25. Rc3 Nd5 26. Rc4 Nf4
27. R1c2 Rc8 28. Ra4 Rcc7 29. Rb4 h5 30. Rbc4 Kh7 31. Ba3 Kg6 32. Kf2 Kf5 33.
Kf3 h4 34. Rc5+ Rd5 35. Rxd5+ Nxd5 36. Bd6 Rc8 37. Rc5 f6 38. b4 e5 39. dxe5
fxe5 40. Rc4 Ke6 41. Bc5 g5 42. Bxa7 Ra8 43. Bb6 Rxa2 44. Rxc6+ Kf5 45. g4+
hxg3 46. Kxg3 Ra3+ 47. Kh2 Ra6 48. Rd6 Nxb6 49. b5 Ra2+ 50. Kg3 Ra3+ 51. Kg2
Nc4 0-1

[Event "CMA Futurity qualifier"]
[Site "Toronto CAN"]
[Date "2002.07.26"]
[Round "1"]
[White "Miller, Evgeny"]
[Black "Senecal, Jean-Pierre"]
[Result "1-0"]
[WhiteElo "2191"]
[BlackElo "1545"]
[PlyCount "59"]
[EventDate "2002.07.26"]
[EventType "swiss"]
[EventRounds "5"]
[EventCountry "CAN"]

1. e4 c5 2. c3 Nc6 3. d4 e6 4. Nf3 cxd4 5. cxd4 Bb4+ 6. Nc3 Nge7 7. Bd3 d5 8.
e5 O-O 9. Bxh7+ Kh8 10. Bc2 Nf5 11. h4 Qa5 12. Bd2 Nce7 13. a3 Bxc3 14. bxc3
Bd7 15. h5 Nh6 16. Nh4 Qc7 17. g4 f5 18. gxf5 Nexf5 19. Nxf5 Rxf5 20. Bxf5 exf5
21. Qf3 Be6 22. Bxh6 gxh6 23. Rg1 Rc8 24. Kd2 a5 25. Rg6 Qb6 26. Rxh6+ Kg7 27.
Qg3+ Kf7 28. Qg6+ Ke7 29. Qf6+ Kd7 30. Rh7+ 1-0

[Event "CMA Futurity qualifier"]
[Site "Toronto CAN"]
[Date "2002.07.26"]
[Round "1"]
[White "Ochkoos, Jura"]
[Black "Boross Harmer, Peter"]
[Result "1-0"]
[WhiteElo "2329"]
[BlackElo "2023"]
[PlyCount "63"]
[EventDate "2002.07.26"]
[EventType "swiss"]
[EventRounds "5"]
[EventCountry "CAN"]

1. e4 c6 2. d4 d5 3. e5 Bf5 4. Nc3 Qb6 5. g4 Bg6 6. Nge2 e6 7. h4 h6 8. Be3 Na6
9. a3 Ne7 10. h5 Bh7 11. b4 Nc8 12. Ng3 Qd8 13. Be2 Nc7 14. O-O Be7 15. Kg2 Nb6
16. f4 Bh4 17. Bd3 Nc4 18. Bg1 Nb2 19. Qe2 Nxd3 20. cxd3 Bxg3 21. Kxg3 g6 22.
hxg6 Bxg6 23. f5 exf5 24. gxf5 Qg5+ 25. Qg4 Bh5 26. Qxg5 hxg5 27. Be3 O-O-O 28.
Bxg5 Rdg8 29. Kf4 Ne8 30. Rg1 Nf6 31. exf6 Re8 32. Rh1 1-0

[Event "CMA Futurity qualifier"]
[Site "Toronto CAN"]
[Date "2002.07.26"]
[Round "1"]
[White "Sviridovitch, Alina"]
[Black "Raheb, David"]
[Result "0-1"]
[WhiteElo "1802"]
[BlackElo "2212"]
[PlyCount "58"]
[EventDate "2002.07.26"]
[EventType "swiss"]
[EventRounds "5"]
[EventCountry "CAN"]

1. d4 Nf6 2. Nf3 g6 3. c4 Bg7 4. Nc3 O-O 5. g3 d6 6. Bg2 Nc6 7. O-O a6 8. e4
Bg4 9. Be3 Nd7 10. h3 Bxf3 11. Bxf3 e5 12. d5 Nd4 13. Bg2 f5 14. Bxd4 exd4 15.
Ne2 fxe4 16. Bxe4 Nc5 17. Bg2 d3 18. Nf4 Rxf4 19. gxf4 Bxb2 20. Rb1 Bg7 21. Re1
Qf6 22. Bf1 Qxf4 23. Bxd3 Bd4 24. Kh1 Bxf2 25. Rf1 Qg3 26. Rxf2 Qxf2 27. Be2
Re8 28. Bd3 Re3 29. Bf1 Rg3 0-1

[Event "CMA Futurity qualifier"]
[Site "Toronto CAN"]
[Date "2002.07.27"]
[Round "2"]
[White "Boross Harmer, Peter"]
[Black "Sviridovitch, Alina"]
[Result "1-0"]
[WhiteElo "2023"]
[BlackElo "1802"]
[PlyCount "77"]
[EventDate "2002.07.26"]
[EventType "swiss"]
[EventRounds "5"]
[EventCountry "CAN"]

1. e4 c5 2. Nc3 e6 3. Nf3 a6 4. b3 d5 5. g3 Nc6 6. Bg2 Nf6 7. exd5 exd5 8. O-O
Be7 9. d4 O-O 10. dxc5 Bxc5 11. Na4 Ba7 12. Ba3 Re8 13. Bc5 Ne4 14. Bxa7 Rxa7
15. Qd3 Be6 16. c4 Qa5 17. Rad1 Nc5 18. Nxc5 Qxc5 19. cxd5 Nb4 20. Qc4 Qxc4 21.
bxc4 Bf5 22. a3 Nd3 23. Nh4 Nb2 24. Nxf5 Nxd1 25. Rxd1 g6 26. Nd6 Rd8 27. c5
Kf8 28. Rb1 Rd7 29. Nc8 Ra8 30. Nb6 Rad8 31. Nxd7+ Rxd7 32. c6 bxc6 33. dxc6
Rc7 34. Rb7 Rc8 35. f4 f5 36. Rxh7 Kg8 37. Rd7 Kf8 38. c7 Ke8 39. Bc6 1-0